00782nam a2200217 i 450000500170000000800410001702000480005804000260010608200190013224500720015126400670022326400110029030000270030133600210032833700250034933800230037450000180039750400270041565000580044265000640050020230717162906.0230717t20032003my g 000 0 may d a9789679933994qpaperback cRM10.00 (Hadiah) aPPAKbeng cPPAKerda04223a352.40959500aPENGURUSAN KEWANGAN :bPANDUAN UNTUK PENGURUS-PENGURUS SEKTOR AWAM  1aKuala Lumpur : bInstitut Tadbiran Awam Negara (INTAN), c2003 4c©2003 axi, 87 pages ; c21 cm atext2rdacontent aunmediated2rdamedia avolume2rdacarrier aBahan Hadiah  aBibliography : page 8710aFinance, Public zMalaysia vHandbooks, manuals, etc.20aPublic administration zMalaysia vHandbooks, manuals, etc.